| 000 | 01133nam0a2200325 4500 | ||
|---|---|---|---|
| 001 | RU\NLR\ONL2\3054 | ||
| 005 | 20250613124820.0 | ||
| 035 | _a(NLR Aleph) 009650655 | ||
| 090 |
_a9572854 _c9572854 |
||
| 100 | _a20050328d1997 |||y0rusy50 ca | ||
| 101 | 0 | _agiy | |
| 102 | _aRU | ||
| 105 | _aa ||||||||| | ||
| 200 | 1 |
_aНивхский язык _eУчеб. для 2 кл. (амурский диалект) _fПухта М. Н., Отаина Г. А. |
|
| 205 | _a2-е изд. | ||
| 210 |
_aСПб. _cПросвещение. Отд-ние изд-ва _d1997 |
||
| 215 |
_a159 с. _cил. _d22 |
||
| 300 | _aНа обл. загл.: Нивхгу диф 2. | ||
| 512 | 1 | _aНивхгу диф 2. | |
| 606 | 0 |
_aНивхский язык _91447888 _3RU\NLR\auth\66303114 |
|
| 686 | 1 | _aШ168.5-921 | |
| 700 | 1 |
_aПухта _bМ. Н. _gМария Николаевна _4070 |
|
| 701 | 1 |
_aОтаина _bГ. А. _gГалина Александровна _4070 |
|
| 801 | 0 |
_aRU _bNLR _c20050328 _gPSBO |
|
| 852 |
_aNLR _bОНЛ _jНивх./3-11 |
||
| 942 | _cBOOK | ||
| 980 | _aNB | ||
| 980 | _aONL_RF | ||